000 00951pam a2200301 a 4500
001 1257
003 BD-RjUL
005 20211208233313.0
008 131125s1984 enk b 001 0 eng d
020 _a0521244498
020 _a0521286905 (pbk.)
035 _a(BD-RjUL)1279
040 _aDLC
_cDLC
_dDLC
_beng
041 _aeng
082 0 0 _a110
_219
_bHAM 1984
100 1 _aHamlyn, D. W.,
_d1924-
_93707
245 1 0 _aMetaphysics /
_cD.W. Hamlyn.
260 _aCambridge [Cambridgeshire] ;
_aNew York :
_bCambridge University Press,
_c1984.
300 _avi, 230 p. ;
_c23 cm.
500 _aIncludes index.
504 _aBibliography: p. [221]-225.
650 0 _aMetaphysics.
_92787
856 4 2 _3Publisher description
_uhttp://www.loc.gov/catdir/description/cam022/84001881.html
856 4 1 _3Table of contents
_uhttp://www.loc.gov/catdir/toc/cam025/84001881.html
942 _2ddc
_cBK
999 _c1257
_d1257